000 00355nam a2200157Ia 4500
008 100122s9999 xx 000 0 und d
082 _b75803
_a823.08
100 _aदिवाण वृंदा
245 _aसौदा
250 _a1
260 _c2008
300 _a158
630 _aसौदा
730 _aसौदा
942 _cBOOK
999 _c391963
_d391960